| 000 | 00333pab a2200133 454500 | ||
|---|---|---|---|
| 008 | 180718b1985 xxu||||| |||| 00| 0 eng d | ||
| 100 | _aRaja, S. | ||
| 245 |
_aLeather, leather products _bTowards a new growth phase |
||
| 260 | _c1985 | ||
| 300 | _a87-9 | ||
| 650 | _aLeather Industry and Trade | ||
| 773 | _aCapital | ||
| 909 | _a12433 | ||
| 999 |
_c12433 _d12433 |
||